000 01018nam a22003017a 4500
001 9828
003 FISKH
005 20260303105034.0
008 260303b cb ||||| |||| 00| 0 eng d
020 _a9781408358085
040 _aFISKH
_beng
_cFISKH
_dFISKH
050 _aPR6051 .N44 .C66
082 _a821.914
100 _aAndreae , Giles
245 _aCommotion in the ocean /
_cBy Giles Anddreae : Illustrated by David Wojtowycz
250 _aFirst published in 1998
260 _aLondon :
_bOrchard Book ,
_c1998.
300 _a32 unnumbered pages :
_bcolor illustrations ;
_c30 cm .
505 _aU
520 _aA collection of silly verses about various creatures that live in the ocean, including crabs, swordfish, whales, and polar bears.
521 8 _a850
_bLexile AD
521 8 _aU
_bRaz-Plus
650 _aSea creatures
_vChildren's Books
650 _aOcean animals
_vChildren's Books
700 _aWojtowycz , David
_eIllustrator
942 _2ddc
_cBK
_n0
999 _c9828
_d9828